000 00577nam a2200229Ia 4500
003 OSt
005 20221005021836.0
006 a|||||r|||| 00| 0
007 ta
008 221004b |||||||| |||| 00| 0 guj d
024 _a40713
037 _cTextual
040 _aCRL
_cCRL
_bguj
041 _2guj
_aguj
082 _aO156,6x, J8
245 0 _aMadhapudo
260 _aAhamdabad
_bNavbhavan parkashan mandir India
_c1958
300 _a152p.
_ccm.
650 _aGUJRATI LITERATURE
942 _hO156,6x, J8
_cTEXL
_2cc
999 _c928240
_d928240